000 01019nam a2200265Ia 4500
999 _c41269
_d41269
001 7924
003 GE_BSU
005 20221003112116.0
008 181216s2012ru xx |||||||||||||| ||rus||
020 _a9785756706734
040 _cGE_BSU
041 _arus
080 _a327.1(075.8) И-90
100 _aДубинин,Ю.А.
_914945
245 _aИстория международных отношений :
_b Т.3. Ялтинско-Потсдамская система /
_cЮ.А. Дубинин, Б.Ф. Мартынов, Ред. Ю.А. Дубинин,
264 _aМосква :
_bАспект Пресс,
_c2012.
300 _a552 стр:
_c24 см.
653 _aИстория международных оношении
653 _aПолитика
653 _aЯлтинско-Потсдамская система
653 _aპოლიტიკა
700 _aМартынов,Б.Ф.
_914946
700 _aДубинин,Ю.А.
_eრედაქტორი
_914945
942 _cBK
_2udc